|
|
|
|
| LEADER |
00799cam a2200241 7i4500 |
| 001 |
0000035232 |
| 005 |
20180924090000.0 |
| 007 |
##ta |
| 008 |
180924s2017 my g 000 f may |
| 020 |
# |
# |
|a 9789674690076
|
| 040 |
# |
# |
|a MATR
|
| 090 |
0 |
0 |
|a B 899.2333
|b ANJ (LRM)
|
| 100 |
0 |
# |
|a Anjell
|e author
|
| 245 |
1 |
0 |
|a Hero SEORANG CINDERELLA :
|b Cuma pejam mata, dia pasti akan muncul
|c Anjell ; Editor : Jabatan Editorial Karyaseni.
|
| 264 |
# |
1 |
|a Cheras, Selangor:
|b PENERBITAN KARYASENI SDN. BHD,
|c 2017.
|
| 300 |
# |
# |
|a iii, 704 pages;
|c 19 cm.
|
| 336 |
# |
# |
|a text
|2 rdacontent
|
| 337 |
# |
# |
|a unmediated
|2 rdamedia
|
| 338 |
# |
# |
|a volume
|2 rdacarrier
|
| 650 |
# |
0 |
|a a
|
| 650 |
# |
0 |
|a Malaysian fiction (Malay)
|
| 710 |
2 |
# |
|a Jabatan Editorial Karyaseni
|
| 999 |
|
|
|a 0000040222
|b Book
|c Book
|e Business Information Centre
|